Geography Quiz

Random Geography or City Quiz
Score 0/250 Timer 02:00
13 Plays Today
% Correct
Cairo(4188)
79.8%
Moscow(6964)
66%
Beijing(9425)
59.9%
Cape Town(3700)
59.5%
Nairobi(667)
59.3%
London(7494)
54.4%
Sydney(11584)
52.4%
New York City(12462)
50.8%
Addis Ababa(1756)
48.2%
Johannesburg(2463)
46.8%
Paris(7157)
46.5%
Istanbul(5422)
46%
Kinshasa(2664)
45.8%
Rome(6063)
45.8%
Lagos(4246)
45.7%
Madrid(6847)
45%
Delhi(5667)
42.9%
Tehran(4898)
42.3%
Mumbai(4682)
42.1%
Tokyo(11405)
41.6%
Riyadh(3599)
41%
Dubai(3964)
40.9%
Ankara(5242)
40.5%
Kampala(1083)
39.6%
Rio de Janeiro(8946)
39.4%
Berlin(7040)
39.2%
Algiers(6137)
39%
Baghdad(4497)
38.7%
Khartoum(2587)
38.6%
Tunis(5718)
38.5%
Brasília(9503)
38.3%
Athens(5236)
37.4%
Mexico City(15322)
36.8%
Harare(1515)
36.4%
Luanda(2866)
35.9%
Dakar(6697)
35.1%
Accra(4588)
35%
Kiev(6427)
35%
Tripoli(5204)
35%
Buenos Aires(10278)
35%
Casablanca(6672)
34.7%
Islamabad(5747)
34.6%
Abuja(3946)
34.5%
Brazzaville(2669)
34.5%
Maputo(2238)
34.4%
Kabul(5579)
34.3%
Lusaka(1525)
34.1%
Los Angeles(16218)
34%
Toronto(12821)
34%
São Paulo(9294)
33.5%
Sana'a(2527)
33.4%
Bangkok(7147)
33.3%
Jakarta(7477)
33.1%
Lima(12677)
33.1%
Abu Dhabi(3848)
32.8%
Shanghai(9680)
32.5%
Warsaw(6794)
32.4%
Seoul(10283)
32.2%
Chicago(13523)
32.1%
Hanoi(7905)
31.9%
Baku(5366)
31.9%
Singapore(7234)
31.8%
St. Petersburg(7469)
31.7%
Yaoundé(3298)
31.7%
Santiago(11410)
31.7%
Durban(2707)
31.6%
Wellington(14202)
31.6%
Dhaka(6520)
31.6%
Bishkek(6583)
31.6%
Barcelona(6556)
31.6%
Kolkata(6271)
31.4%
Tashkent(6167)
31.4%
Karachi(4672)
31.3%
Manila(9330)
31.3%
Vienna(6518)
31.2%
Miami(13287)
31.2%
Hong Kong(8772)
31.2%
Alexandria(4343)
31.1%
Budapest(6361)
31.1%
Osaka(11023)
31.1%
Kathmandu(6271)
31%
Bogotá(12649)
30.9%
Fez(6503)
30.9%
Prague(6767)
30.9%
% Correct
Minsk(6844)
30.9%
Ouagadougou(4986)
30.8%
Vancouver(15025)
30.8%
Montreal(12325)
30.8%
Caracas(11911)
30.8%
Auckland(13331)
30.8%
Dallas(14655)
30.8%
Havana(13777)
30.7%
Ulaanbaatar(8961)
30.7%
Brisbane(11970)
30.7%
Lahore(5669)
30.7%
Almaty(6738)
30.6%
Bucharest(5851)
30.6%
Milan(6540)
30.6%
Kuala Lumpur(7029)
30.6%
Jeddah(3125)
30.5%
Quito(13073)
30.5%
Atlanta(13525)
30.5%
Montevideo(10073)
30.5%
Houston(14648)
30.4%
T'bilisi(5430)
30.4%
Belgrade(6041)
30.4%
Yerevan(5256)
30.4%
La Paz(11630)
30.4%
Munich(6686)
30.4%
Abidjan(4988)
30.3%
Taipei(9574)
30.3%
Ho Chi Minh City(7722)
30.3%
Anchorage(13931)
30.3%
Giza(4185)
30.2%
Detroit(13149)
30.2%
Chennai(5050)
30.2%
Pyongyang(10198)
30.2%
Wuhan(8996)
30.2%
Kyoto(11048)
30.1%
San Diego(16255)
30.1%
Hamburg(7255)
30.1%
Philadelphia(12574)
30.1%
Calgary(14528)
30.1%
Phnom Penh(7557)
30.1%
Hyderabad Pakistan(4774) Hyderabad India(5089)
30.1%
Guangzhou(8705)
30.1%
Douala(3487)
30%
Kano(3982)
30.1%
Bulawayo(1873)
30%
Birmingham(7657)
30%
Yangon(6800)
30%
Phoenix(15846)
30%
Xi'an(8621)
30%
Pune(4733)
30%
Jaipur(5442)
30%
Managua(14026)
30%
Cali(12907)
30%
Guatemala City(14479)
30%
Recife(8167)
30%
Guadalajara(15719)
30%
İzmir(5186)
30%
Omsk(7568)
30%
Nanjing(9448)
30%
Novosibirsk(7977)
30%
Oran(6302)
30%
Busan(10441)
30%
Fortaleza(8615)
30%
Medellin(12830)
30%
San Antonio(14944)
30%
Yekaterinburg(7347)
30%
Ibadan(4220)
30%
Cologne(7131)
30%
Bengaluru(4781)
30%
Tianjin(9490)
30%
Chengdu(8054)
30%
Yokohama(11401)
30%
Peshawar(5676)
30%
Salvador(8521)
30%
Basra(4251)
30%
Belo Horizonte(9047)
30%
Isfahan(4585)
30%
Sapporo(11521)
30%
Tijuana(16263)
30%
Porto Alegre(9681)
30%
Córdoba(10880)
30%
Hiroshima(10742)
30%
Rosario(10519)
30%
Qormi(5409)
30%
% Correct
Faisalabad(5579)
29.9%
Ahmedabad(4919)
29.9%
Harbin(10353)
29.9%
Guayaquil(13201)
29.9%
Xiamen(9217)
29.9%
Rawalpindi(5736)
30%
Lucknow(5852)
30%
Chittagong(6582)
29.9%
Bandung(7553)
29.9%
Nagpur(5352)
30%
Nagoya(11152)
30%
Kochi(4511)
29.9%
Medan(6707)
29.9%
Shiraz(4295)
30%
Bhopal(5334)
29.9%
Maracaibo(12438)
29.9%
Kobe(10995)
30%
Santa Cruz de la Sierra(11084)
29.9%
Nizhny Novgorod(7036)
29.9%
Campinas(9344)
29.9%
Monterrey(15256)
29.9%
Rostov-on-Don(6014)
29.9%
Shenzhen(8771)
29.9%
Suzhou(9598)
29.9%
Dongguan(8751)
29.9%
Chongqing(8275)
29.9%
Quanzhou(9284)
29.9%
Shenyang(10046)
29.9%
Fuzhou(9369)
29.9%
Changsha(8804)
29.9%
Qingdao(9677)
29.9%
Foshan(8688)
29.9%
Zunyi(8220)
29.9%
Shantou(9053)
29.9%
Surat(4814)
29.9%
🌟 Dar es Salaam 🌟
29.9%
Shijiazhuang(9216)
29.9%
Zhengzhou(9046)
29.9%
New Taipei City(9563)
29.9%
Changchun(10231)
29.9%
Hangzhou(9537)
29.9%
Ningbo(9661)
29.9%
Hefei(9297)
29.9%
Mashhad(5245)
29.9%
Tangshan(9566)
29.9%
Ekurhuleni(2446)
29.9%
Zhongshan(8703)
29.9%
Multan(5368)
29.9%
Wenzhou(9544)
29.9%
Incheon(10258)
29.9%
Quezon City(9338)
29.9%
Kaohsiung(9402)
29.9%
Kanpur(5777)
29.9%
Surabaya(8115)
29.9%
Taichung(9469)
29.9%
Gujranwala(5708)
29.9%
Chaozhou(9053)
29.9%
Daegu(10406)
29.9%
Lanzhou(8246)
29.9%
Dalian(9841)
29.9%
Visakhapatnam(5551)
29.9%
Jinan(9404)
29.9%
Karaj(4902)
29.9%
Tainan(9402)
29.9%
Curitiba(9542)
29.9%
Tabriz(5050)
29.9%
Palembang(7280)
29.9%
Patna(6136)
29.9%
Davao City(9701)
29.9%
Caloocan(9339)
29.9%
Semarang(7863)
29.9%
Daejeon(10303)
29.9%
Kawasaki(14429)
29.9%
Vijayawada(5248)
29.9%
Fukuoka(10546)
29.9%
Kwangju(10240)
29.9%
Kharkov(6327)
29.9%
Barranquilla(12778)
29.9%
Makassar(8873)
29.9%
Mandalay(6977)
29.9%
Saitama(11401)
29.9%
Ulsan(10466)
29.9%
Remove Ads.
Support Sporcle.
Get the best of Sporcle when you Go Orange. This ad-free experience offers more features, more stats, and more fun while also helping to support Sporcle. Thank you for becoming a member.

You're not logged in!

Compare scores with friends on all Sporcle quizzes.
OR
Log In

Show Comments

Extras

Top Quizzes Today


Score Distribution

Your Account Isn't Verified!

In order to create a playlist on Sporcle, you need to verify the email address you used during registration. Go to your Sporcle Settings to finish the process.

Report this User

Report this user for behavior that violates our Community Guidelines.

Details: